[Event "Landesliga Sued 1213 U20"]
[Site "Bayern"]
[Date "2013.03.02"]
[Round "7.3"]
[White "Neubauer, Tobias"]
[Black "Koehler, Max"]
[Result "0-1"]
[WhiteElo "1296"]
[BlackElo "1561"]
[PlyCount "60"]
[EventDate "2012.10.20"]
[EventType "team-tourn"]
[EventRounds "7"]
[EventCountry "GER"]
[SourceTitle "EXT 2020"]
[Source "ChessBase"]
[SourceDate "2019.10.17"]
[SourceVersion "1"]
[SourceVersionDate "2019.10.17"]
[SourceQuality "1"]
[WhiteTeam "Ismaning U20"]
[BlackTeam "Muenchen Tarrasch U20"]
[WhiteTeamCountry "GER"]
[BlackTeamCountry "GER"]

1. c4 e6 2. Nc3 Nf6 3. d4 b6 4. Nf3 Bb7 5. Bf4 Bb4 6. a3 Bxc3+ 7. bxc3 d6 8. e3 Nbd7 9. Bd3 Qe7 10. Bc2 0-0 11. Bg5 Qe8 12. Ba4 Ne4 13. Bc2 Nxg5 14. Nxg5 h6 15. h4 hxg5 16. Bh7+ Kxh7 17. hxg5+ Kg8 18. Qh5 f5 19. g6 Qxg6 20. Qxg6 Rf6 21. Qg5 Kf7 22. Rh3 Rg6 23. Qf4 Rxg2 24. Rg3 Rxg3 25. Qxg3 Rh8 26. Kd2 Nf6 27. Rg1 Ne4+ 28. Kd3 Nxg3 29. Rxg3 Rh2 30. f4 Be4# 0-1